Trade and politics on the coromandel coast : (Record no. 72166)

MARC details
000 -LEADER
fixed length control field 00922nam a22002417a 4500
005 - DATE AND TIME OF LATEST TRANSACTION
control field 20121213171623.0
008 - FIXED-LENGTH DATA ELEMENTS--GENERAL INFORMATION
fixed length control field 121213t xxu||||| |||| 00| 0 eng d
010 ## - LCCN (DPL NO)
LC control number ENG-106371
020 ## - INTERNATIONAL STANDARD BOOK NUMBER
International Standard Book Number 9789380607252
Terms of availability 695.00
035 ## - SYSTEM CONTROL NUMBER
System control number EN-89904
037 ## - SOURCE OF ACQUISITION
Source of stock number/acquisition DBAD/PUB
040 ## - CATALOGING SOURCE
Original cataloging agency DPL
Language of cataloging ENG
082 ## - DEWEY DECIMAL CLASSIFICATION NUMBER
Classification number 382.095482
100 ## - MAIN ENTRY--PERSONAL NAME
Personal name Seshan, Radhika
9 (RLIN) 54316
245 00 - TITLE STATEMENT
Title Trade and politics on the coromandel coast :
Remainder of title seventeenth and early eighteenth centuries /
Statement of responsibility, etc by Radhika Seshan
260 ## - PUBLICATION, DISTRIBUTION, ETC. (IMPRINT)
Place of publication, distribution, etc Delhi
Name of publisher, distributor, etc Primus Books
Date of publication, distribution, etc 2012
270 ## - ADDRESS
Address Virat Bhavan, Mukherjee Nagar Commercial Complex
City Delhi
Postal code 110009
300 ## - PHYSICAL DESCRIPTION
Extent 137p.
Dimensions 25cm(Hb)
500 ## - GENERAL NOTE
General note Includes bibliographical references and index
942 ## - ADDED ENTRY ELEMENTS (KOHA)
Source of classification or shelving scheme Dewey Decimal Classification
Item type English Books
Classification part 382.095482
Call number suffix SES
Holdings
Withdrawn status Lost status Source of classification or shelving scheme Damaged status Not for loan Collection code Home library Current library Date acquired Cost, normal purchase price Total Checkouts Full call number Barcode Date last seen Cost, replacement price Koha item type
    Dewey Decimal Classification     Non-fiction D.B.Act.Division D.B.Act.Division 13/12/2012 695.00   382.095482 SES EN-89904 13/12/2012 695.00 English Books

© Delhi Public Library
Hit Counter
free hit counter